| 000 | 00944cab a22001935a 4500 | ||
|---|---|---|---|
| 001 | L141832 | ||
| 008 | 080102e20071212xxkd f 000 0 eng d | ||
| 035 | _a(Sirsi) u141832 | ||
| 041 | 0 | _aeng | |
| 100 | 1 | _aAtkinson, James | |
| 245 | 0 | 0 | _aCommercial work puts Sir Robert McAlpine on top |
| 260 | _c2007 | ||
| 490 | 0 |
_aContract Journal _v440(6655) 12 December 2007, 10-11(2) |
|
| 520 | _aSir Robert McAlpine topped the new work winners monthly league table for November 2007, with HBG Construction in second place and Skanska in third. Balfour Beatty remained at the top of the new work winners table for the past 12 months. New construction orders in November dropped back £400m on the previous month?s figures, although the private commercial sector continued to thrive, producing over £1bn worth of new contracts. | ||
| 590 | _aKA | ||
| 651 | 4 |
_aGreat Britain _y1707- |
|
| 690 | _aBUILT ENVIRONMENT-CONSTRUCTION MARKET | ||
| 942 | _n0 | ||
| 999 |
_c79608 _d79608 |
||